| 000 | 00794nam a22002297a 4500 | ||
|---|---|---|---|
| 999 |
_c16435 _d16435 |
||
| 003 | AR-CdUCM | ||
| 008 | 190503b ||||| |||| 00| 0 spa d | ||
| 040 |
_aMUNICIPALIDAD PROVINCIAL DEL CUSCO _cBIBLIOTECA MUNICIPAL DEL CUSCO |
||
| 082 |
_a808.869 / _bM26 |
||
| 100 |
_aMarx, Carlos _92702 |
||
| 245 | _aEpistolario / | ||
| 260 |
_aMéxico : _bGrijalbo, _c1971. |
||
| 300 |
_a157 páginas ; _c18.5 cm. |
||
| 440 |
_aColección 70 / tercera serie. _n105 _935884 |
||
| 505 | _aContenido: Cartas de Marx -- De Marx a P. V. -- De Marx a Engels -- De Engels a Marx -- De Marx a Kugelmann ... | ||
| 650 |
_aCartas _9213 |
||
| 650 |
_aPolítica _9291 |
||
| 650 |
_aHistoria _9136 |
||
| 700 |
_aSánchez Mascuñán, Alberto (dirigida) _935885 |
||
| 942 |
_2ddc _cLIBROS |
||
| 945 |
_aachl _d2019-05-03 |
||